| 000 | 00472nam a2200145 a 4500 | ||
|---|---|---|---|
| 008 | 120416s0000 ||||||||||||||||| || u | ||
| 020 | _a0333256220 | ||
| 050 | _aPR 6073.A354 Wai | ||
| 100 | _aWainwright, John | ||
| 245 | 1 | 0 | _aDuty elsewhere |
| 260 |
_aLondon _bMacmillan _c1979 |
||
| 300 | _a175p. | ||
| 350 | _a0.00 | ||
| 995 |
_D0.00 _FCBU-MAIN LIBRARY (Kitwe) _H1 _I0.00 _M1 _UAVAILABLE _WMay 9, 2007 _ZFiction Collection |
||
| 999 |
_c40538 _d40538 |
||